Les titres de tous les tomes d'Harry Potter - Statistiques

Statistiques générales
  • Ce quiz a été pris 69 fois
  • Le résultat moyen est 6 sur 7
Statistiques - réponses
Réponse % Correct
1 Harry Potter à l'école des sorciers
94%
2 Harry Potter et la chambre des secrets
92%
4 Harry Potter et la coupe de feu
87%
3 Harry Potter et le prisonnier d'Azkaban
82%
7 Harry Potter et les reliques de la mort
82%
6 Harry Potter et le prince de sang-mêlé
81%
5 Harry Potter et l'ordre du phénix
73%
Aucun quiz correspondant
Distribution des résultats
% des personnes avec chaque résultat
Percentile par nombre de réponses
Votre historique - résultats
Vous n’avez pas pris ce quiz